LIBRARY & INFORMATION CENTRE, KCAET, TAVANUR

ONLINE PUBLIC ACCESS CATALOGUE (OPAC)

Advances in soil science vol-16 / (Record no. 10041)

MARC details
000 -LEADER
fixed length control field 00424cam a2200169ua 4500
003 - CONTROL NUMBER IDENTIFIER
control field OSt
008 - FIXED-LENGTH DATA ELEMENTS--GENERAL INFORMATION
fixed length control field 240203b |||||||| |||| 00| 0 eng d
020 ## - INTERNATIONAL STANDARD BOOK NUMBER
ISBN 0176 9340
041 ## - LANGUAGE CODE
Language code of text/sound track or separate title eng
082 ## - DEWEY DECIMAL CLASSIFICATION NUMBER
Classification number 631.4
Item number STE/AD
100 ## - MAIN ENTRY--AUTHOR NAME
Personal name Stewart, B. A .
245 ## - TITLE STATEMENT
Title Advances in soil science vol-16 /
260 ## - PUBLICATION, DISTRIBUTION, ETC. (IMPRINT)
Place of publication New York :
Name of publisher Springer Verlag ,
Year of publication 1985.
300 ## - PHYSICAL DESCRIPTION
Number of Pages 240 ; .
650 ## - SUBJECT ADDED ENTRY--TOPICAL TERM
Topical Term Soil science
942 ## - ADDED ENTRY ELEMENTS (KOHA)
Koha item type Books
Holdings
Withdrawn status Lost status Damaged status Home library Current library Shelving location Date acquired Full call number Accession Number Koha item type
      KAUAET KAUAET General Stacks 07/04/2012 631.4 STE/AD 19675 Books
free website counter